Представление документа в формате RUSMARC

ПолеНазваниеЗначение
  Тип записи a
  Библиографический уровень m
001 Контрольный номер 7fea225fa97b4d3d9f3d75f89409892a
005 Дата корректировки 20211222110907.2
010 Индекс ISBN __
a ISBN 978-5-906950-26-0
b Уточнения в пер.
9 Тираж 2000 экз.
d Цена 246-26
100 Данные общей обработки __
a Данные общей обработки 20210722d2018####de y0rusy028902 ca
101 Язык документа 0_
a Язык текста rus
102 Страна публикации __
a Страна публикации RU
105 Кодированные данные (монография) __
a Кодированные данные (монография) y z 000ay
181 Поле кодированных данных: вид содержания _0
a Код вида содержания (ISBD) i
182 Поле кодированных данных: тип средства _0
a Код типа средства (ISBD) n
200 Заглавие и сведения об ответственности 1_
a Заглавие Сто монет из плюшевой головы
e Сведения, относящиеся к заглавию повесть
f Первые сведения об ответственности Екатерина Каретникова
203 Вид содержания и тип средства __
a Вид содержания Текст
c Тип средства непосредственный
210 Выходные данные 1_
a Место издания Москва
c Издательство Аквилегия-М
d Дата издания 2018
215 Физическое описание __
a Объем 212, [3] с.
d Формат 21 см
225 Серия 2_
a Серия Современная проза
300 Общие примечания __
a Общие примечания Заглавие на обложке: 100 монет из плюшевой головы
330 Аннотация __
a Аннотация После смерти отца Елисей Колесников (а проще - Лис) узнаёт о том, что в их семье хранится половина коллекции старинных монет. Вторую половину его дед давным-давно подарил подружке-однокласснице. С тех пор их семьи связаны таинственными узами, которые никак не могут оборваться. Лис решает, что со всей этой историей пора разобраться.
333 Примечание о целевом назначении __
a Примечание о целевом назначении 12+. Для детей старше 12 лет
512 Заглавие обложки 1_
a Заглавие обложки 100 монет из плюшевой головы
606 Тематические рубрики __
a Основная рубрика Художественная литература
606 Тематические рубрики __
a Основная рубрика Современная русская литература (произведения)
610 Ключевые слова 0_
a Ключевые слова детская литература
610 Ключевые слова 0_
a Ключевые слова подростковая литература
610 Ключевые слова 0_
a Ключевые слова дружба
610 Ключевые слова 0_
a Ключевые слова первая любовь
610 Ключевые слова 0_
a Ключевые слова тема подростков
610 Ключевые слова 0_
a Ключевые слова тема первой любви
610 Ключевые слова 0_
a Ключевые слова повести
686 Индексы других классификаций __
2 Код системы rubbks
a Классификационный индекс 84(2=411.2)6-4; ст84(2=411.2)6-4
700 Автор _1
a Фамилия Каретникова
b Имя Е. А.
f Даты 1976-
g Полное личное имя Екатерина Алексеевна
4 Код отношения 070
801 Источник записи _0
a Страна RU
b Организация Муниципальное бюджетное учреждение культуры "Централизованная библиотечная система" г. Сургут (Центральная городская библиотека им. А. С. Пушкина)
c Дата составления 20210722
g Правила каталогизации PSBO
801 Источник записи _1
a Страна RU
b Организация Муниципальное бюджетное учреждение культуры "Централизованная библиотечная система" г. Сургут (Центральная городская библиотека им. А. С. Пушкина)
c Дата составления 20210722
g Правила каталогизации PSBO
852 Данные о местонахождении __
j Шифр хранения 84(2=411.2)6-4
i Авторский знак К 22
900 Макрообъекты __
a Макрообъекты Сто монет из плюшевой головы, 2018
901 Тип документа __
t Тип документа m
a Ответственный КиК/Котельникова
903 Характеристики (МАРС) __
a Дата передачи 20210722
c Наименование библиотеки (МАРС) Муниципальное бюджетное учреждение культуры "Централизованная библиотечная система" г. Сургут (Центральная городская библиотека им. А. С. Пушкина)
969 Тип издания __
a Тип издания издание для детей
a Тип издания издание для подростков
990 Данные о заказе (DOS) __
j Количество экземпляров (DOS) 9
t N записи в КСУ для И/У (DOS) 202107